000 01072nam a2200349 c 4500
001 19157
003 ES-MaCES
005 20150929135821.0
008 060801s2006 sp d t o000 | spa d
017 _aSA 139-2006
_bDL
035 _aCES20060010247m
040 _aES-MaCES
_bspa
_cES-MaCES
110 2 _aFundación Orecla
_93866
245 1 0 _aSelección de laudos arbitrales dictados por el Orecla (1998-2005)
260 _a[Santander]
_bFundación Orecla
_c[2006]
300 _a187 p.
_c27 cm
541 _cGratuito
650 4 _alaudo arbitral
_929860
650 4 _aconflicto de trabajo
_928367
650 4 _aarreglo de conflicto
_927305
650 4 _amediación
_929897
650 4 _aconciliación
_927303
650 4 _aarbitraje
_927302
650 4 _aCantabria (Comunidad Autónoma)
_930793
650 4 _a1998-2005
_931310
650 4 _atexto
_929624
653 1 0 _aRelaciones laborales-Empleo
650 4 _930664
_aconcertación social
902 _aDOC Literatura gris
942 _2CES
_cBK
_h2.0.
999 _c19157
_d19157